The complete book of nature photography / (Record no. 24120)
[ view plain ]
| 000 -LEADER | |
|---|---|
| fixed length control field | 01038cam a2200289 i 4500 |
| 001 - CONTROL NUMBER | |
| control field | completebookofna00kinn |
| 003 - CONTROL NUMBER IDENTIFIER | |
| control field | CaSfIA |
| 005 - DATE AND TIME OF LATEST TRANSACTION | |
| control field | 20230525155240.0 |
| 007 - PHYSICAL DESCRIPTION FIXED FIELD--GENERAL INFORMATION | |
| fixed length control field | cr|||| |
| 008 - FIXED-LENGTH DATA ELEMENTS--GENERAL INFORMATION | |
| fixed length control field | 800423s1979 nyuaf 000 0 eng |
| 010 ## - LIBRARY OF CONGRESS CONTROL NUMBER | |
| LC control number | 80107676 |
| 040 ## - CATALOGING SOURCE | |
| Original cataloging agency | DLC |
| Transcribing agency | DLC |
| Modifying agency | WY@ |
| -- | CaSfIA |
| 019 ## - | |
| -- | 6218346 |
| 020 ## - INTERNATIONAL STANDARD BOOK NUMBER | |
| International Standard Book Number | 0817424709 : |
| Terms of availability | $15.95 |
| 020 ## - INTERNATIONAL STANDARD BOOK NUMBER | |
| International Standard Book Number | 9780817424701 |
| 035 ## - SYSTEM CONTROL NUMBER | |
| System control number | (OCoLC)6305517 |
| Canceled/invalid control number | (OCoLC)6218346 |
| 050 00 - LIBRARY OF CONGRESS CALL NUMBER | |
| Classification number | TR721 |
| Item number | .K55 1979 |
| 082 #4 - DEWEY DECIMAL CLASSIFICATION NUMBER | |
| Classification number | 778.9/3 |
| 100 1# - MAIN ENTRY--PERSONAL NAME | |
| Personal name | Kinne, Russ. |
| 245 14 - TITLE STATEMENT | |
| Title | The complete book of nature photography / |
| Medium | [electronic resource] |
| Statement of responsibility, etc. | Russ Kinne ; with an introd. by Roger Tory Peterson. |
| 250 ## - EDITION STATEMENT | |
| Edition statement | Rev. ed. |
| 260 ## - PUBLICATION, DISTRIBUTION, ETC. | |
| Place of publication, distribution, etc. | New York : |
| Name of publisher, distributor, etc. | Amphoto, |
| Date of publication, distribution, etc. | c1979. |
| 300 ## - PHYSICAL DESCRIPTION | |
| Extent | 192 p., [4] leaves of plates : |
| Other physical details | ill. (some col.) ; |
| Dimensions | 26 cm. |
| 650 #0 - SUBJECT ADDED ENTRY--TOPICAL TERM | |
| Topical term or geographic name entry element | Nature photography. |
| 856 41 - ELECTRONIC LOCATION AND ACCESS | |
| Uniform Resource Identifier | <a href="http://www.archive.org/details/completebookofna00kinn">http://www.archive.org/details/completebookofna00kinn</a> |
| Public note | Free eBook from the Internet Archive |
| 856 42 - ELECTRONIC LOCATION AND ACCESS | |
| Uniform Resource Identifier | <a href="http://www.openlibrary.org/books/OL4130474M">http://www.openlibrary.org/books/OL4130474M</a> |
| Public note | Additional information and access via Open Library |
| Withdrawn status | Lost status | Damaged status | Not for loan | Collection | Home library | Current library | Date acquired | Total Checkouts | Full call number | Date last seen | Price effective from | Koha item type |
|---|---|---|---|---|---|---|---|---|---|---|---|---|
| Project Gutenberg | Main Library | Main Library | 05/25/2023 | TR721 .K55 1979 | 05/25/2023 | 05/25/2023 | EBooks |